000 00491nam a2200181 i 4500
001 73330
003 ES-MaACL
005 20250814054348.0
007 t|
008 200908s1890 sp ||||1| spa d
110 0 _aGrande Oriente Español.
_94489
245 1 0 _aAño masónico de 1889-90
_b: volumen de procedimientos.
260 _aMadrid :
_b[s.n.,
_c1890?]
300 _ap, ;
_ccm.
610 2 4 _aMasonería
_95658
852 _aES-MaACL
_jT-593-F-1
999 _c73330
_d73330